000
00236 a2200097 4500
001
11025
100
_a
M. Asghar. Khan
245
_a
The First Round Indo-Pak War, 1965
260
_a
_b
Islamic Information Servic
_c
090
_c
8593
_d
8593
942
_a
NUST-CAE
_c
M
_c
35370
999
_c
246098
_d
246098